Los desastres naturales sí avisan: estudios de vulnerabilidad y mitigación II /

Uloženo v:
Podrobná bibliografie
Hlavní autor: Medina, Juvenal
Korporace: Tegnología Intermedia, ITDG
Další autoři: ed. Romero, Rocío ed
Médium: Text
Vydáno: Lima: ITDG
Témata:
Tagy: Přidat tag
Žádné tagy, Buďte první, kdo vytvoří štítek k tomuto záznamu!

MARC

LEADER 00000 a a2200000 04500
001 29285
003
040
020 |a 1853390364  
090 |a 191600  
100 |a Medina, Juvenal  
110 |a Tegnología Intermedia  
245 |a Los desastres naturales sí avisan: estudios de vulnerabilidad y mitigación II /  |c Tegnología Intermedia  
260 |a Lima:   |b ITDG  
300 |a 172 p   |b il.   |b map.  
650 |a DESASTRES NATURALES  
650 |a PREVENCION DE DESASTRES  
650 |a ADMINSTRACION DE DESASTRES  
650 |a GRUPOS VULNERABLES  
700 |a ed.   |a Romero, Rocío   |a ed.  
710 |a ITDG  
999 |c 8684  |d 8684